| 000 | 00345 a2200157 4500 | ||
|---|---|---|---|
| 001 | 190109 | ||
| 020 | _a978-85-64823-03-7 | ||
| 040 | _cMagnum | ||
| 100 | _aShakespeare, William | ||
| 240 | 1 | 0 |
_aRomeu e Julieta _lpor |
| 245 | 1 | 0 | _aRomeu e Julieta |
| 300 | _a62 | ||
| 362 | 0 | _a2011 | |
| 697 | _aLITERATURA JUVENIL ESTRANGEIRA | ||
| 942 | _cBK | ||
| 999 |
_c190109 _d190109 |
||